| 000 | 00713nam a2200253 i 4500 | ||
|---|---|---|---|
| 001 | 105370 | ||
| 003 | ES-MaACL | ||
| 005 | 20250819055242.0 | ||
| 007 | t| | ||
| 008 | 060703s1976 fr ||||1| fre d | ||
| 020 | _a2-7071-0863-4 | ||
| 080 | _a141.82 | ||
| 080 | _a321.74 | ||
| 100 | 1 |
_aBalibar, Etienne. _924936 |
|
| 245 | 1 | 0 |
_aSur la dictature du prolétariat / _cEtienne Balibar. |
| 260 |
_aParis : _bFrançois Maspero, _c1976. |
||
| 300 |
_a289 p. ; _c22 cm. |
||
| 490 | 1 | _aThéorie | |
| 650 | 1 | 4 |
_aMarxismo. _914803 |
| 650 | 7 |
_aDictadura del proletariado _2embne _911879 |
|
| 830 | 1 |
_aThéorie _9232707 |
|
| 852 |
_aES-MaACL _jAND-165 _z- Biblioteca Juan Andrade |
||
| 999 |
_c105370 _d105370 |
||